Quiz de Taiwan - Statistics

Estatísticas Gerais
  • Esse quiz foi jogado 1 047 vezes
  • A pontuação média é 9 de 19
Estatísticas das Respostas
Dica Resposta % Correto
Capital Taipé
85%
País que ocupou Taiwan de 1895–1945 Japão
77%
Dois primeiros países europeus à colonizar Taiwan (nomeie qualquer um) Países Baixos | Espanha
72%
Partindo ao sul de Taiwan, qual é o primeiro país que você iria encontrar? Filipinas
66%
Objeto representado na bandeira de Taiwan O Sol
64%
Apelido das economias vibrantes de Taiwan, Hong Kong, Singapura, e Coréia do Sul {Tigres} Asiáticos
64%
Religião mais comum (não incluindo religiões folclóricas) Budismo
62%
Organização internacional que expulsou Taiwan em 1971 Nações Unidas
60%
Moeda oficial Novo {Dólar} Taiwanês
54%
Nome oficial de Taiwan República da China
50%
Nome formal da Ilha de Taiwan Formosa
48%
Esporte mais popular Basebol
47%
Em 2019, Taiwan foi o primeiro país asiático á legalizar isso Casamento Homossexual
41%
Edifício mais alto do mundo de 2004-2010 (dica: capital + número) Taipei 101
35%
Tipo de "chá" que geralmente contém bolinhas de tapioca Chá de {Bolhas}
25%
Montanha mais alta {Yu} Shan
20%
Generalíssimo que estabeleceu Taiwan depois de fugir da China continental em 1949 Chiang Kai-shek
17%
Empresa taiwanesa que fabrica iPhones na China {Fox}conn
13%
Primeira presidente mulher Tsai Ing-wen
12%
Nenhum quiz correspondente encontrado
Distribuição das Pontuações
Porcentagem de Pessoas com Cada Pontuação
Percentil de Números Respondidos
Sua Pontuação Histórica
Você não jogou esse quiz